Washington Nationals Players - Sudden Death - Statistics

General Stats
  • This quiz has been taken 36 times
    35 since last reset
  • The average score is 11 of 16
Answers on the Grid
Answers color-coded by a green-red scale on the quiz's grid according to % correct below.
Adam Eaton
Adolis Garcia
Albert Pujols
Anthony Rendon
Bryson Stott
C.J. Abrams
Curtis Granderson
Daniel Murphy
Dansby Swanson
Felix Hernandez
Freddie Freeman
Ian Desmond
James Wood
Jayson Werth
Johnny Cueto
Jose Fernandez
Josh Bell
Josh Naylor
Juan Soto
Justin Verlander
Ketel Marte
Kurt Suzuki
Kyle Seager
Larry Walker
Max Schrezer
Ryan Zimmerman
Sean Doolitle
Stephen Strasburg
Trea Turner
Wilson Ramos
 
Answer Stats
Answer % Correct
Anthony Rendon
89%
Adam Eaton
78%
C.J. Abrams
78%
Juan Soto
78%
Jayson Werth
74%
James Wood
70%
Josh Bell
70%
Ian Desmond
67%
Kurt Suzuki
67%
Ryan Zimmerman
67%
Stephen Strasburg
67%
Daniel Murphy
63%
Max Schrezer
63%
Trea Turner
63%
Sean Doolitle
56%
Wilson Ramos
56%
No matching quizzes found
Score Distribution
Percent of People with Each Score
Percentile by Number Answered
Your Score History
You have not taken this quiz since the last reset